00362nam a2200145Ia 45000010005000000080041000050200018000460400013000640820018000771000028000952450066001232600009001893000011001985460007002098048140324s9999 xx 000 0 und d a9971-64-290-5 cPK-LaUMT a 005.3bGLE-S aHewitt-Glesson, Michael aSoftware for the brain : Brain userscHewitt-Glesson, Michael c1991 a126 p. aEN